[Event "Verbandsliga North 1998/99"]
[Site "Germany"]
[Round "8"]
[White "Preiss Martin (GER)"]
[Black "Gass Ulrich (GER)"]
[Result "1-0"]
[WhiteElo "2245"]
[BlackElo "2072"]

1.c4 c5 2.g3 Nc6 3.Bg2 e5 4.Nc3 g6 5.a3 Rb8 6.Rb1 a6 7.b4 cxb4 8.axb4 Nxb4
9.Nf3 Qa5 10.O-O d5 11.cxd5 Nxd5 12.Nxd5 Qxd5 13.Bb2 Bg7 14.Nxe5 Qe6 15.Qa4+
b5 16.Bc6+ Kf8 17.Qd4 Bf6 18.Bd5 Qd6 19.Rfc1 Bf5 20.Rc6 Qxe5 21.Qxe5 Bxe5
22.Bxe5 Bxb1 23.Bxb8 a5 24.Be5 f6 25.Rc8+ Kg7 26.Rc7+ Kh6 27.Bb2 a4 28.Ba3 Bc2
29.Rxc2 {#r} 1-0

[Event "Bayern Landesliga South"]
[Site "Germany"]
[Round "3"]
[White "Lang Zalan Andreas (GER)"]
[Black "Seibold Thomas"]
[Result "0-1"]
[WhiteElo "2185"]
[BlackElo "2100"]

1.c4 c5 2.Nf3 g6 3.g3 Bg7 4.Bg2 Nf6 5.O-O O-O 6.d4 cxd4 7.Qxd4 Nc6 8.Qh4 d6
9.Nc3 Qa5 10.Nd5 h5 11.Bd2 Qd8 12.Bg5 Re8 13.e4 Bg4 14.h3 Bxf3 15.Bxf3 Nd4
16.Bd1 Rc8 17.g4 Rxc4 18.b3 Rc5 19.Bxf6 Bxf6 20.Nxf6+ exf6 21.gxh5 Rg5+ 22.Kh1
f5 23.Qf4 Rxe4 24.Qd2 Ne6 25.hxg6 Rh4 26.gxf7+ Kxf7 27.Qe3 Nf4 28.Bg4 Rgxg4
{#R} 0-1

[Event "Match (team)"]
[Site "San Francisco (USA)"]
[Round "9"]
[White "Lobo Richard (ENG)"]
[Black "Berry Jonathan (CAN)"]
[Result "1-0"]
[WhiteElo "2310"]
[BlackElo "2287"]

1.c4 c5 2.Nf3 Nc6 3.d4 cxd4 4.Nxd4 Qb6 5.Nb5 a6 6.N5c3 e6 7.e3 Nf6 8.Be2 Be7
9.O-O d6 10.Nd2 O-O 11.b3 Rd8 12.Bb2 Bd7 13.Rc1 Rac8 14.Nf3 Be8 15.Qc2 Qa7
16.Qb1 d5 17.cxd5 exd5 18.Rfd1 d4 19.exd4 Nxd4 20.Nxd4 Rxd4 21.Nd5 Rxd1+
22.Bxd1 Rxc1 23.Nxe7+ Kf8 24.Qxc1 Kxe7 25.Qc7+ Ke6 26.Bf3 Bb5 27.Bxb7 {#r} 1-0

[Event "It (open) "]
[Site "Budapest (Hungary)"]
[Date "1999.08.03"]
[Round "5"]
[White "Gross Stefan (CZE)"]
[Black "Schwalen Peter (GER)"]
[Result "1-0"]
[WhiteElo "2371"]
[BlackElo "2192"]

1.c4 c5 2.Nf3 Nf6 3.Nc3 e6 4.g3 b6 5.Bg2 Bb7 6.O-O d6 7.Re1 Nbd7 8.e4 Qb8 9.d4
cxd4 10.Nxd4 a6 11.f4 e5 12.Nf5 g6 13.Ne3 Bg7 14.Ned5 O-O 15.f5 Nxd5 16.Nxd5
Bxd5 17.cxd5 gxf5 18.Bh3 Rc8 19.Bxf5 Rc7 20.Bg5 Nf8 21.Qb3 Raa7 22.Be3 Nd7
23.Rec1 Nc5 24.Qd1 {#r} 1-0

[Event "Ch City ("]
[Site "Rheinhausen (Germany)"]
[Round "2"]
[White "Visser Dirk (GER)"]
[Black "Kock Stefan (GER)"]
[Result "1-0"]
[WhiteElo "2261"]
[BlackElo "2116"]

1.c4 c5 2.Nf3 Nf6 3.g3 b6 4.Bg2 Bb7 5.O-O g6 6.Nc3 Bg7 7.d4 cxd4 8.Qxd4 Nc6
9.Qf4 O-O 10.Qh4 Nb4 11.Bh6 Qc7 12.a3 Na6 13.Ng5 Bxg2 14.Kxg2 Qc6+ 15.Kg1 Nc7
16.Rac1 Ne6 17.Nd5 Nxd5 18.Bxg7 Kxg7 19.Qxh7+ Kf6 20.Ne4+ Ke5 21.cxd5 Qxd5
22.Nc3 Qb7 23.e4 {#r} 1-0

[Event "It (open) (a)"]
[Site "Dortmund (Germany)"]
[Round "7"]
[White "Kercher Peter (GER)"]
[Black "Doettling Gustav (GER)"]
[Result "1-0"]
[WhiteElo "2169"]
[BlackElo "2041"]

1.c4 c5 2.Nc3 b6 3.Nf3 e6 4.g3 Bb7 5.Bg2 Nf6 6.O-O Be7 7.d4 d6 8.Re1 Nbd7 9.e4
e5 10.dxe5 Nxe5 11.Nxe5 dxe5 12.Nd5 O-O 13.b3 Re8 14.Bb2 Bf8 15.Qc2 Nxd5
16.exd5 Bd6 17.Re2 Qg5 18.Rae1 f6 19.f4 Qh5 20.fxe5 fxe5 21.Re4 Qg5 22.Qe2 Re7
23.Bxe5 Rae8 24.Bxd6 Rxe4 25.Bxe4 Bc8 26.Bxh7+ {#r} 1-0

[Event "It (open)"]
[Site "Mondariz (Spain)"]
[Round "6"]
[White "Garcia Martinez Silvino (CUB)"]
[Black "Lorenzo Duran Marcos (ESP)"]
[Result "1-0"]
[WhiteElo "2442"]
[BlackElo "2194"]

1.c4 c5 2.Nf3 Nf6 3.Nc3 e6 4.g3 b6 5.Bg2 Bb7 6.O-O d6 7.Re1 a6 8.e4 Nbd7 9.d4
cxd4 10.Nxd4 Qc7 11.Be3 Be7 12.Rc1 O-O 13.f4 Rac8 14.g4 Rfd8 15.g5 Ne8 16.f5
Nc5 17.fxe6 fxe6 18.b4 e5 19.Nf5 Ne6 20.Nd5 {#r} 1-0

[Event "It (open)"]
[Site "Utrecht (Netherlands)"]
[Round "6"]
[White "Ankay Askin (TUR)"]
[Black "Tagnon Nicole (FRA)"]
[Result "1-0"]
[WhiteElo "2050"]
[BlackElo "2083"]

1.c4 c5 2.Nf3 b6 3.g3 Bb7 4.Bg2 e6 5.O-O Nf6 6.Nc3 Be7 7.d4 cxd4 8.Qxd4 O-O
9.Rd1 a6 10.b3 Nc6 11.Qf4 Bb4 12.Bb2 Qb8 13.Na4 Qxf4 14.gxf4 b5 15.Nb6 bxc4
16.bxc4 Ne4 17.Nxa8 {#r} 1-0

[Event "Bundesliga (2nd) West 1999/00"]
[Site "Germany"]
[Round "4"]
[White "Bosboom Manuel (NED)"]
[Black "Breder Dennis (GER)"]
[Result "1-0"]
[WhiteElo "2455"]
[BlackElo "2336"]

1.c4 c5 2.a3 g6 3.b4 Bg7 4.Nc3 b6 5.Bb2 Nc6 6.b5 Na5 7.d3 e6 8.Qc2 d6 9.e4 Ne7
10.Nce2 O-O 11.Bxg7 Kxg7 12.f4 f5 13.Nf3 fxe4 14.dxe4 d5 15.Ne5 a6 16.a4 Qc7
17.g3 Nxc4 18.Nxc4 dxc4 19.Qb2+ Kg8 20.Nc3 axb5 21.Nxb5 Qc6 22.Bg2 Ba6 23.O-O
Bxb5 24.axb5 Qd7 25.Rad1 Qc7 26.Bh3 e5 27.Be6+ Kh8 28.Rd7 {#r} 1-0

[Event "It (c)"]
[Site "Budapest (Hungary)"]
[Round "1"]
[White "Appleberry Martin (FRA)"]
[Black "Balogh Csaba (HUN)"]
[Result "1-0"]
[WhiteElo "2291"]
[BlackElo "2359"]

1.c4 c5 2.Nf3 Nc6 3.d4 cxd4 4.Nxd4 e6 5.Nxc6 bxc6 6.g3 d5 7.Bg2 Nf6 8.O-O Be7
9.Nc3 O-O 10.cxd5 cxd5 11.e4 dxe4 12.Nxe4 Nd5 13.Qh5 Bb7 14.b3 Rc8 15.Rd1 Qb6
16.Bb2 Rc2 17.Bd4 Qa5 18.a3 Ba6 19.Qe5 Bf6 20.Nxf6+ gxf6 21.Qe4 Rc6 22.Bxf6
Nxf6 23.Qxc6 Be2 24.Re1 Bg4 25.h3 Bf5 26.b4 Qd8 27.Rad1 Qe7 28.Qc5 {#r} 1-0

[Event "It (open)"]
[Site "Winterthur (Switzerland)"]
[Round "2"]
[White "Schuurman Petra (NED)"]
[Black "Miezis Normunds (LAT)"]
[Result "0-1"]
[WhiteElo "2274"]
[BlackElo "2501"]

1.c4 c5 2.Nf3 Nc6 3.d4 cxd4 4.Nxd4 f5 5.Nc3 g6 6.g3 Bg7 7.e3 d6 8.Bg2 Bd7
9.O-O Nf6 10.b3 h5 11.Bb2 h4 12.Nd5 hxg3 13.hxg3 Kf7 14.Nxf6 Bxf6 15.Nxc6 Bxc6
16.Bxf6 Kxf6 17.e4 Qd7 18.f4 fxe4 19.Qd4+ Kf7 20.f5 gxf5 21.b4 e3 22.Bd5+ Kg6
23.Rae1 e5 24.Qd3 Bxd5 25.Qxd5 f4 26.Rxe3 fxe3 27.Qe4+ Kg7 28.Rf5 Rh6 29.Rg5+
Kh8 30.Qxe3 {#R} 0-1

[Event "Oberliga East B 2001/02"]
[Site "Germany"]
[Round "2"]
[White "Holfelder Hans Joachim (GER)"]
[Black "Cicak Slavko (SWE)"]
[Result "0-1"]
[WhiteElo "2259"]
[BlackElo "2545"]

1.c4 c5 2.Nf3 b6 3.d4 cxd4 4.Nxd4 Bb7 5.Nc3 Nc6 6.e4 e6 7.Ndb5 Qb8 8.Be3 Nf6
9.f3 a6 10.Nd4 Bd6 11.g3 O-O 12.Qd2 Bc5 13.Nc2 Rd8 14.Qf2 d5 15.cxd5 exd5
16.exd5 Nxd5 17.Nxd5 Rxd5 18.Bc4 Ne5 19.Qe2 Nxc4 20.Qxc4 Qe5 21.Qc3 Re8 {#R}
0-1

[Event "It (open)"]
[Site "Goch"]
[Round "4"]
[White "Podzielny Karl-Heinz (GER)"]
[Black "Eckert Frank (GER)"]
[Result "1-0"]
[WhiteElo "2477"]
[BlackElo "2236"]

1.c4 c5 2.Nf3 Nf6 3.Nc3 e6 4.g3 b6 5.Bg2 Bb7 6.O-O a6 7.Re1 d6 8.e4 Nbd7 9.d4
cxd4 10.Nxd4 Qc7 11.Be3 Be7 12.Rc1 Rc8 13.f4 Qb8 14.Qe2 Qa8 15.Bf2 h5 16.h3 g6
17.Nd5 exd5 18.exd5 Ng8 19.Nc6 Rxc6 20.Bd4 Rh7 21.dxc6 Bxc6 22.Bxc6 Qxc6 23.b4
Kf8 24.b5 Qb7 25.c5 bxc5 26.bxa6 Qa7 27.Rb1 Nb8 28.Rb7 Qa8 29.Qb5 {#r} 1-0

[Event "Ch Slovakia (team) 2000/01 (1 liga) East"]
[Site "Slovakia"]
[Round "10"]
[White "Koval Daniel (SVK)"]
[Black "Saga Vladimir (SVK)"]
[Result "1-0"]
[WhiteElo "2174"]
[BlackElo "2047"]

1.c4 c5 2.Nf3 b6 3.g3 Bb7 4.Bg2 g6 5.O-O Bg7 6.e3 e6 7.d4 cxd4 8.exd4 Ne7
9.Bg5 d6 10.Nc3 O-O 11.Qd2 Nd7 12.Rfd1 Nf6 13.Qf4 Ne8 14.Bh6 Rc8 15.Bxg7 Kxg7
16.b3 a6 17.Rac1 Qc7 18.h4 Nf6 19.Nd2 Bxg2 20.Kxg2 d5 21.Qxc7 Rxc7 22.Na4 b5
23.Nc5 bxc4 24.bxc4 dxc4 25.Nxc4 Rfc8 26.Nd6 Rxc5 27.dxc5 Rc6 28.Rd3 Ned5
29.Rb3 Nc7 30.Rb6 {#r} 1-0

[Event "Ch Hungary (team) 2000/01 (2 liga)"]
[Site "Hungary"]
[Round "6"]
[White "Hardicsay Peter (HUN)"]
[Black "Erdelyi Tamas (HUN)"]
[Result "1-0"]
[WhiteElo "2312"]
[BlackElo "2299"]

1.c4 c5 2.Nf3 b6 3.d4 cxd4 4.Nxd4 Bb7 5.Nc3 d6 6.Bg5 Nd7 7.Ndb5 Ngf6 8.Nd5 Rc8
9.Bxf6 gxf6 10.e4 a6 11.Nd4 e6 12.Nxe6 {#r} 1-0

[Event "It (open)"]
[Site "Metz (France)"]
[Round "7"]
[White "Lutz Thierry (FRA)"]
[Black "Shirazi Kamran (FRA)"]
[Result "0-1"]
[WhiteElo "2091"]
[BlackElo "2454"]

1.c4 c5 2.Nf3 b6 3.g3 Bb7 4.Bg2 g6 5.Nc3 Bg7 6.d3 Nh6 7.O-O Nf5 8.e4 Nd4
9.Nxd4 Bxd4 10.Bh6 Nc6 11.Rb1 Rg8 12.Ne2 Bh8 13.Qd2 e6 14.Be3 h5 15.f4 h4
16.d4 cxd4 17.Nxd4 Nxd4 18.Bxd4 hxg3 19.hxg3 Qc7 20.Rbc1 g5 21.e5 gxf4 22.Qxf4
f5 23.exf6 Qxf4 24.Rxf4 Rxg3 25.f7+ Ke7 {#R} 0-1

[Event "Ch World (juniors) (under 12) (g)"]
[Site "Oropesa (Spain)"]
[Round "8"]
[White "Rajadharshini M (IND)"]
[Black "Bokuchava Madona (GEO)"]
[Result "0-1"]
[WhiteElo "2046"]
[BlackElo "2091"]

1.c4 c5 2.Nf3 b6 3.g3 Bb7 4.Bg2 Nf6 5.O-O e6 6.d4 cxd4 7.Nxd4 Bxg2 8.Kxg2 a6
9.Nc3 Be7 10.e4 Qc7 11.Qe2 d6 12.Be3 O-O 13.Rac1 Nbd7 14.f4 Qb7 15.Bf2 Nc5
16.Rfe1 Nfxe4 17.Nxe4 f5 18.b4 Nxe4 19.Nxe6 Nd2+ 20.Kg1 Nf3+ 21.Kf1 Nxh2+
22.Kg1 Nf3+ 23.Kf1 Rf6 24.Nxg7 Rh6 25.Qxe7 Nd2+ {#R} 0-1

[Event "Bayern Oberliga 2000/01"]
[Site "Bayern (Germany)"]
[Round "5"]
[White "Mandl Robert (GER)"]
[Black "Lickleder Andreas (AUT)"]
[Result "1-0"]
[WhiteElo "2393"]
[BlackElo "2279"]

1.c4 c5 2.Nf3 Nf6 3.g3 b6 4.Bg2 Bb7 5.O-O e6 6.Nc3 d6 7.d3 Nbd7 8.e4 a6 9.Ne1
Qc7 10.Nc2 Be7 11.b3 Bc6 12.f4 Rc8 13.Bb2 Qb8 14.Qd2 b5 15.Rae1 O-O 16.Ne3
Rfe8 17.g4 e5 18.Ncd5 Bxd5 19.exd5 Bf8 20.g5 Nh5 21.Bh3 Rcd8 22.Bxd7 Rxd7
23.fxe5 dxe5 24.Ng4 Bd6 25.Kh1 Nf4 26.Nxe5 Rxe5 27.Bxe5 Bxe5 28.Rxf4 Bxf4
29.Qxf4 Qd8 30.Qe3 {#r} 1-0

[Event "It "]
[Site "St. Petersburg (Russia)"]
[Round "4"]
[White "Cistjakova Elena (RUS)"]
[Black "Arykin Aleksey (RUS)"]
[Result "0-1"]
[WhiteElo "2066"]
[BlackElo "2259"]

1.c4 c5 2.Nc3 Nf6 3.g3 e6 4.Nf3 b6 5.Bg2 Bb7 6.O-O Be7 7.b3 O-O 8.Bb2 a6 9.d4
cxd4 10.Nxd4 Bxg2 11.Kxg2 Qc7 12.e4 d6 13.Re1 Nbd7 14.h3 Rac8 15.Nf3 Qb7
16.Qe2 Rc5 17.Rad1 Rfc8 18.a4 R5c7 19.Kg1 Nc5 20.Nd2 Qa8 21.Ra1 Nfd7 22.f4 Bf6
23.Nd1 d5 24.exd5 exd5 25.b4 Ne6 26.Bxf6 Nxf6 27.cxd5 Nd4 28.Qd3 Nc2 29.Ne3
Rc3 {#R} 0-1

[Event "It (open)"]
[Site "Leverkusen (Germany)"]
[Round "2"]
[White "Henseler Klaus (GER)"]
[Black "Peschel Andreas (GER)"]
[Result "0-1"]
[WhiteElo "2098"]
[BlackElo "2202"]

1.c4 c5 2.Nc3 e6 3.Nf3 b6 4.g3 Bb7 5.Bg2 Nf6 6.O-O d6 7.d4 cxd4 8.Nxd4 Bxg2
9.Kxg2 Nbd7 10.e4 a6 11.b3 Qc7 12.Bb2 Be7 13.Rc1 O-O 14.Qd2 Rfe8 15.f3 Qb7
16.Rfe1 Rad8 17.Re2 Nc5 18.b4 Ncd7 19.f4 d5 20.exd5 exd5 21.cxd5 Nxd5 22.Nf3
Nxb4 23.Rxe7 Rxe7 24.Qd6 Re3 {#R} 0-1

[Event "Bayern Regionalliga Northeast 2001/02"]
[Site "Germany"]
[Round "3"]
[White "Reiser Wolfgang (GER)"]
[Black "Bauer Andreas (GER)"]
[Result "0-1"]
[WhiteElo "2116"]
[BlackElo "2240"]

1.c4 c5 2.g3 Nc6 3.Bg2 e5 4.Nc3 g6 5.a3 Bg7 6.b4 Nge7 7.Ne4 O-O 8.Nxc5 d6
9.Nb3 e4 10.Rb1 Bf5 11.g4 Bxg4 12.Bxe4 d5 13.cxd5 Nxd5 14.h3 Bh5 15.Bf3 Bxf3
16.Nxf3 Re8 17.e3 Nf4 18.d4 Qd5 19.Bb2 Ng2+ 20.Kd2 Bh6 21.Re1 Nxe3 22.fxe3
Rxe3 23.Rxe3 Re8 24.Kc2 Rxe3 25.Nbd2 Qf5+ {#R} 0-1

[Event "It (open)"]
[Site "Vantaa (Finland)"]
[Round "2"]
[White "Sorsa Miitrei (FIN)"]
[Black "Rantanen Yrjo A (FIN)"]
[Result "0-1"]
[WhiteElo "2165"]
[BlackElo "2330"]

1.c4 c5 2.g3 e6 3.Bg2 d5 4.cxd5 exd5 5.d4 cxd4 6.Nf3 Bb4+ 7.Bd2 Bc5 8.Qc2 Bb6
9.O-O Ne7 10.Na3 Bf5 11.Qb3 Nbc6 12.Nc2 Be4 13.Rfd1 Nf5 14.Bb4 a5 15.Ba3 a4
16.Qb5 Ra5 {#R} 0-1

[Event "Bayern Landesliga North 2000/01"]
[Site "Bayern (Germany)"]
[Round "8"]
[White "Bucka Reinhard"]
[Black "Rohrbach Frank (GER)"]
[Result "0-1"]
[WhiteElo "2140"]
[BlackElo "2206"]

1.c4 c5 2.g3 e6 3.Bg2 Nf6 4.Nc3 d5 5.cxd5 exd5 6.Qb3 c4 7.Qc2 Nc6 8.Nf3 Bc5
9.O-O O-O 10.b3 Re8 11.bxc4 dxc4 12.Qb2 a6 13.Ne1 Ne5 14.Qc2 Rb8 15.d3 Bf5
16.Ne4 Bd4 17.Rb1 Rc8 18.Rxb7 cxd3 19.Nxf6+ Qxf6 20.Qd1 Rxc1 21.Qxc1 dxe2 {#R}
0-1

[Event "It (cat.8)"]
[Site "Opatija (Croatia)"]
[Round "12"]
[White "Ribli Zoltan (HUN)"]
[Black "Mandekic Ivan (CRO)"]
[Result "1-0"]
[WhiteElo "2568"]
[BlackElo "2248"]

1.c4 c5 2.Nf3 Nf6 3.Nc3 e6 4.g3 b6 5.Bg2 Bb7 6.O-O Be7 7.d4 cxd4 8.Qxd4 d6
9.Bg5 a6 10.Bxf6 Bxf6 11.Qd3 Ra7 12.Rad1 Be7 13.Nd4 Bxg2 14.Kxg2 O-O 15.f4 g6
16.f5 exf5 17.Nd5 Re8 18.e4 fxe4 19.Qxe4 Bg5 20.Qf3 Qc8 21.h4 Bd8 22.h5 f5
23.hxg6 hxg6 24.Nf4 Qxc4 25.Nxg6 Bf6 26.b3 Qf7 27.Nh4 Bxh4 28.Nxf5 {#r} 1-0

[Event "It (cat.18)"]
[Site "Cannes (France)"]
[Round "1"]
[White "Bareev Evgeny (RUS)"]
[Black "Leko Peter (HUN)"]
[Result "1-0"]
[WhiteElo "2729"]
[BlackElo "2736"]

{ Bareev Evgeny (RUS) +0 =1 -0 Leko Peter (HUN) +3 =4 -2 } 1.c4 { } c5 2.g3 (
2.Nf3 Nf6 3.Nc3 b6 4.g3 Bb7 5.Bg2 g6 6.O-O Bg7 7.d4 cxd4 8.Qxd4 O-O 9.Qh4 d6
10.Be3 Nbd7 11.Rfd1 Rc8 { ...1/2-1/2, Bareev Evgeny(2709) - Andersson
Ulf(2640), Polanica Zdroj 1997 Memorial A.Rubinstein (cat.16) } ) 2...g6 3.Bg2
Bg7 4.e3 Nc6 5.Ne2 e6 { = } 6.d4 ( 6.Nbc3 Nge7 7.d4 cxd4 8.Nxd4 O-O 9.O-O d5
10.cxd5 Nxd5 11.Re1 Nxd4 12.exd4 Qb6 13.Nxd5 exd5 14.Bxd5 Bxd4 15.Be3 Bxe3 {
...1/2-1/2, Ivanchuk Vassily(2717) - Kramnik Vladimir(2772), Monte Carlo 1995
It "Melody Amber" (active) } ) 6...cxd4 7.exd4 Nge7 { +0,00 CAP N } ( 7...d5
8.cxd5 exd5 9.Nbc3 Nge7 10.O-O ( 10.Bg5 h6 11.Bxe7 Nxe7 12.Qb3 O-O 13.O-O Bg4
14.Qxb7 Rb8 15.Qxa7 Rxb2 16.Rfe1 Qd6 17.h3 { ...1/2-1/2, Berg Klaus(2400) -
Vegh Endre(2375), Budapest 1983 Memorial Elekes (a) } ) 10...O-O 11.Be3 Be6
12.Nf4 Qd7 13.Qd2 Rad8 14.Rfe1 Rfe8 15.Rac1 Nf5 16.Nfxd5 Nfxd4 17.Bg5 {
...1/2-1/2, Wade Robert G(2365) - Markland Peter R(2510), Hastings 1971 It } )
8.d5 Ne5 9.dxe6 dxe6 10.Qxd8+ Kxd8 11.O-O Bd7 12.Rd1 { ?! -0,44 } ( 12.Nbc3 {
!? } 12...Bc6 13.b3 Nf5 14.Bb2 { -0,08 } ) 12...Kc7 13.Nbc3 a6 14.Bf4 Bc6
15.Nd4 Rad8 { ? +0,95 } ( 15...Bxg2 { ! } 16.Kxg2 Nc6 17.Nf3 Kb6 { -0,08 } )
16.Nxc6 Nxc6 17.Re1 Kb6 18.Na4+ Ka7 19.Bg5 Rd6 20.Red1 Nd4 21.Be7 Nxc4 { ?!
+1,32 } ( 21...Ndf3+ { !? } 22.Kh1 Rxd1+ 23.Rxd1 g5 { +0,95 } ) 22.Bxd6 Nxd6
23.Kf1 e5 24.Rac1 Rd8 25.Rc5 Kb8 { ?! +2,25 } ( 25...N6b5 { !? } 26.Nc3 Kb6
27.Rd5 Rxd5 { +1,60 } ) 26.Rd5 Kc7 27.Nc5 Re8 { ?? +5,00 } ( 27...Bf6 { !? }
28.b3 a5 29.Rc1 Kb8 { +2,25 } ) 28.Rc1 Bh6 29.Nxa6+ {#r} 1-0

[Event "Ch France (team) (2) 2002/03"]
[Site "France"]
[Round "1"]
[White "Petit Eric-Thierry (FRA)"]
[Black "Coste Thierry (FRA)"]
[Result "0-1"]
[WhiteElo "2184"]
[BlackElo "2170"]

1.c4 c5 2.Nc3 g6 3.Nf3 Bg7 4.g3 b6 5.Bg2 Bb7 6.O-O Nf6 7.Re1 d6 8.e4 Nbd7 9.d4
cxd4 10.Nxd4 O-O 11.e5 dxe5 12.Bxb7 exd4 13.Bxa8 Qxa8 14.Qxd4 Nc5 15.Rd1 e6
16.Be3 Nfe4 {#R} 0-1

[Event "It (open)"]
[Site "Chicago (USA)"]
[Round "2"]
[White "Mikhailuk Slava (USA)"]
[Black "Pelts Peter (USA)"]
[Result "1-0"]
[WhiteElo "2445"]
[BlackElo "2332"]

1.c4 c5 2.Nf3 b6 3.Nc3 Bb7 4.e4 d6 5.d4 cxd4 6.Nxd4 Nf6 7.Qe2 e6 8.g4 a6 9.g5
Nfd7 10.Bg2 Qc7 11.Be3 Nc6 12.Rc1 Nxd4 13.Bxd4 Rc8 14.b3 Be7 15.f4 O-O 16.O-O
e5 17.Be3 exf4 18.Bxf4 Rfe8 19.Qf2 Bf8 20.Nd5 Qd8 21.Rfd1 Bxd5 22.Rxd5 Qc7
23.Rf5 Nc5 24.Bg3 Re7 25.e5 dxe5 26.Bd5 Ne6 27.Bxe5 Qc5 28.Qxc5 Rxc5 29.Bd6
{#r} 1-0

[Event "It (open) (juniors) (under 16)"]
[Site "Hengelo (Netherlands)"]
[Round "3"]
[White "Veltman Jelmer (NED)"]
[Black "Struik Tjapko (NED)"]
[Result "0-1"]
[WhiteElo "2184"]
[BlackElo "2142"]

1.c4 c5 2.g3 Nc6 3.Bg2 e6 4.Nf3 Nf6 5.O-O a6 6.d4 cxd4 7.Nxd4 Qc7 8.Nxc6 bxc6
9.Nc3 Rb8 10.e4 h5 11.Qe2 g6 12.Bf4 e5 13.Bg5 Ng4 14.h3 f6 15.Bc1 Nh6 16.f4
Bd6 17.f5 Bc5+ 18.Kh1 Ng4 19.fxg6 d6 20.Bf3 Qg7 21.Bxg4 Bxg4 22.hxg4 hxg4+
23.Kg2 Rh2+ 24.Kxh2 Qh8+ 25.Kg2 Qh3# 0-1

[Event "It (open)"]
[Site "?"]
[Round "7"]
[White "Hintze Helge (GER)"]
[Black "Coenen Michael (GER)"]
[Result "1-0"]
[WhiteElo "2291"]
[BlackElo "2433"]

1.c4 c5 2.g3 g6 3.Bg2 Bg7 4.Nf3 e6 5.Nc3 Ne7 6.d4 cxd4 7.Nxd4 a6 8.O-O Nbc6
9.Nxc6 bxc6 10.c5 Qa5 11.Na4 O-O 12.e4 Qc7 13.Nb6 Rb8 14.Bf4 e5 15.Be3 Kh8
16.Qd2 f5 17.f3 Rd8 18.Rfd1 Ng8 19.g4 f4 20.Bf2 g5 21.Rac1 Bf8 22.Qc3 Nf6
23.Nc4 d6 24.cxd6 Bxd6 25.Rxd6 Rxd6 26.Qxe5 Rd7 27.Qxf6+ Rg7 28.Qf8+ Rg8
29.Bd4+ {#r} 1-0

[Event "It (open)"]
[Site "Bad Wiessee (Germany)"]
[Date "2002.10.27"]
[Round "2"]
[White "Lederle Vitus (GER)"]
[Black "Ciuksyte Dagne (ENG)"]
[Result "0-1"]
[WhiteElo "2112"]
[BlackElo "2317"]

1.c4 c5 2.g3 e6 3.Bg2 d5 4.cxd5 exd5 5.d4 cxd4 6.Qxd4 Nf6 7.Bg5 Be7 8.Nf3 Nc6
9.Qd1 O-O 10.O-O Qb6 11.Nbd2 Qxb2 12.Qa4 Bf5 13.e4 Nxe4 14.Bxe7 Nxe7 15.Rab1
Qf6 16.Rxb7 Nc5 {#R} 0-1

[Event "Tournament"]
[Site "Kimry (Russia)"]
[Round "6"]
[White "Gorshkov Yuri (RUS)"]
[Black "Sorokin Evgeniy (RUS)"]
[Result "1-0"]
[WhiteElo "2353"]
[BlackElo "2129"]

1.c4 c5 2.Nf3 Nc6 3.d4 d6 4.d5 Nb8 5.Nc3 g6 6.e4 Bg7 7.h3 Nd7 8.Be2 Ne5 9.Nh2
f6 10.O-O Nh6 11.a3 O-O 12.f4 Nd7 13.Nf3 f5 14.Ng5 Bd4+ 15.Kh2 Nf6 16.Nb5 Nf7
17.Nxf7 Rxf7 18.Nxd4 cxd4 19.e5 Ne4 20.e6 Rf8 21.Qxd4 b6 22.b4 Ba6 23.Bb2 Rf6
24.g4 h6 25.Bd3 Nd2 26.g5 Nxf1+ 27.Rxf1 Kg7 28.Re1 {#r} 1-0

[Event "It (open)"]
[Site "Cap d'Agde (France)"]
[Round "8"]
[White "Pira Davoud (FRA)"]
[Black "Toulzac Pierre-Yves (FRA)"]
[Result "1-0"]
[WhiteElo "2379"]
[BlackElo "2296"]

1.c4 c5 2.Nf3 e6 3.Nc3 b6 4.g3 Bb7 5.Bg2 Nf6 6.O-O Be7 7.d4 cxd4 8.Qxd4 O-O
9.Rd1 d6 10.Bg5 Nbd7 11.Nb5 d5 12.Rac1 Bc5 13.Qh4 h6 14.Bxf6 Qxf6 15.Qxf6 Nxf6
16.Ne5 a6 17.Nc3 Bd6 18.Nd3 Rad8 19.cxd5 Nxd5 20.Nxd5 exd5 21.Rc2 a5 22.Nf4
Bc5 23.Bxd5 g5 24.Nh5 Rd6 25.Rxc5 Rfd8 26.Bxf7+ Kxf7 27.Rc7+ Kg6 28.Rxd6+ Rxd6
29.Rxb7 {#r} 1-0

[Event "Tournament"]
[Site "Kimry (Russia)"]
[Round "5"]
[White "Sorokin Evgeniy (RUS)"]
[Black "Svechnikov Evgeniy (RUS)"]
[Result "1-0"]
[WhiteElo "2129"]
[BlackElo "2021"]

1.c4 c5 2.Nc3 g6 3.g3 Bg7 4.Bg2 Nf6 5.Nf3 O-O 6.O-O e6 7.e4 Nc6 8.d3 d6 9.h3
Rb8 10.Be3 a6 11.d4 cxd4 12.Nxd4 Nh5 13.Qd2 f5 14.exf5 Nxd4 15.Bxd4 exf5
16.Rad1 Nf6 17.Bxf6 Rxf6 18.c5 Bf8 19.Qd4 Bd7 20.Bd5+ Be6 21.Rfe1 Bxd5
22.Qxd5+ Kg7 23.Qd4 Kh6 24.h4 Be7 25.Nd5 dxc5 26.Qf4+ Kg7 27.Rxe7+ Rf7 28.Qe5+
Kg8 29.Nf6+ {#r} 1-0

[Event "It (open)"]
[Site "Saint-Quentin (France)"]
[Round "3"]
[White "Serafimov Tervel (BUL)"]
[Black "Boillon Vincent (FRA)"]
[Result "1-0"]
[WhiteElo "2398"]
[BlackElo "2100"]

1.c4 c5 2.g3 Nc6 3.Bg2 e5 4.e3 d6 5.Nc3 Be6 6.Nd5 f5 7.Ne2 Nf6 8.O-O Be7 9.d4
Bf7 10.Qa4 O-O 11.dxc5 dxc5 12.Rd1 Nxd5 13.cxd5 Nb4 14.a3 Be8 15.Qb3 c4
16.Qxc4 Ba4 17.d6+ Kh8 18.Qxb4 Bxd1 19.dxe7 {#r} 1-0

[Event "It (open)"]
[Site "Marin (Spain)"]
[Round "6"]
[White "Adla Diego (ARG)"]
[Black "Bjerring Kai (DEN)"]
[Result "1-0"]
[WhiteElo "2485"]
[BlackElo "2324"]

1.c4 c5 2.Nf3 e6 3.g3 b6 4.Bg2 Bb7 5.O-O Nf6 6.Nc3 Be7 7.Re1 d6 8.e4 Nbd7 9.d4
cxd4 10.Nxd4 Qb8 11.f4 O-O 12.Be3 a6 13.Rc1 Qc7 14.f5 Nc5 15.fxe6 Ncxe4 16.Nd5
Qd8 17.Bxe4 Nxe4 18.Nf5 fxe6 19.Nfxe7+ Kh8 20.Bxb6 Qe8 21.Rxe4 exd5 22.cxd5
Qf7 23.Rc7 {#r} 1-0

[Event "Ch Solingen (open)"]
[Site "Solingen (Germany)"]
[Round "7"]
[White "Podzielny Karl-Heinz (GER)"]
[Black "Kniest Oliver (GER)"]
[Result "1-0"]
[WhiteElo "2452"]
[BlackElo "2319"]

1.c4 c5 2.Nc3 b6 3.Nf3 Bb7 4.e3 e6 5.d4 Nf6 6.d5 exd5 7.cxd5 d6 8.e4 a6 9.Bd3
g6 10.O-O Bg7 11.a4 O-O 12.h3 Qc7 13.Bf4 Nbd7 14.Rc1 Rfe8 15.Re1 Rac8 16.b3
Nh5 17.Bh2 Ne5 18.Nxe5 Bxe5 19.Bxe5 Rxe5 20.Qd2 f6 21.f4 Re7 22.g4 Ng7 23.e5
fxe5 24.fxe5 Rxe5 25.Rxe5 dxe5 26.Ne4 Rf8 27.Bc4 Qd7 28.Qh6 Rf4 29.Qxf4 {#r}
1-0

[Event "It (open)"]
[Site "Vienna (Austria)"]
[Round "7"]
[White "Sulyok Michael (AUT)"]
[Black "Seiser Kurt (AUT)"]
[Result "1-0"]
[WhiteElo "2205"]
[BlackElo "2074"]

1.c4 c5 2.Nc3 e6 3.Nf3 b6 4.g3 Bb7 5.Bg2 Nf6 6.O-O Be7 7.Re1 O-O 8.e4 d6 9.d4
cxd4 10.Nxd4 a6 11.e5 dxe5 12.Bxb7 Ra7 13.Nc6 Nxc6 14.Bxc6 Qc7 15.Bg2 Qxc4
16.Qb3 Rc7 17.Qxc4 Rxc4 18.Bf1 {#r} 1-0